000 01360nam a22003494a 4500
001 ebr10130874
003 CaPaEBR
006 m u
007 cr cn|||||||||
008 050203s2006 caua sb 001 0 eng
010 _z 2005002981
020 _z0804751773 (cloth : alk. paper)
040 _aCaPaEBR
_cCaPaEBR
035 _a(OCoLC)75972829
043 _aa-cc---
050 1 4 _aBL1920
_b.P74 2006eb
082 0 4 _a299.5/14/0931
_222
100 1 _aPregadio, Fabrizio.
245 1 0 _aGreat clarity
_h[electronic resource] :
_bDaoism and alchemy in early medieval China /
_cFabrizio Pregadio.
260 _aStanford, Calif. :
_bStanford University Press,
_cc2006.
300 _axvii, 367 p. :
_bill.
490 1 _aAsian religions & cultures
504 _aIncludes bibliographical references (p. 319-336) and index.
533 _aElectronic reproduction.
_bPalo Alto, Calif. :
_cebrary,
_d2013.
_nAvailable via World Wide Web.
_nAccess may be limited to ebrary affiliated libraries.
650 0 _aTaoism
_zChina
_xHistory.
650 0 _aAlchemy
_zChina
_xHistory.
651 0 _aChina
_xReligion.
655 7 _aElectronic books.
_2local
710 2 _aebrary, Inc.
830 0 _aAsian religions & cultures.
856 4 0 _uhttp://site.ebrary.com/lib/rucke/Doc?id=10130874
_zAn electronic book accessible through the World Wide Web; click to view
999 _c77742
_d77742